| 000 | 00831cam a2200229 4500 | ||
|---|---|---|---|
| 001 | ABS65758 | ||
| 008 | 020805n2002 000 0 eng u | ||
| 035 | _a(Sirsi) u119178 | ||
| 100 | _aFernie, I. | ||
| 245 | _aEuropean Water Framework Directive and the Statutory Planning System | ||
| 260 | _c2002 | ||
| 490 |
_aScottish Planner _v(87) June 2002, 6(1) |
||
| 520 | _aExamines areas of overlap between the process of River Basin Management Planning (which will be implemented by the European Water Framework Directive) and the statutory land use planning system | ||
| 590 | _aABS | ||
| 650 | _aLAND USE PLANNING | ||
| 650 | _aRIVER BASINS | ||
| 650 | _aRIVER MANAGEMENT | ||
| 650 | _aSCOTLAND | ||
| 650 | _aDIRECTIVE 2000/60/EC | ||
| 690 | _aENVIRONMENTAL AND LAND CONSULTANCY-PLANNING AND DEVELOPMENT | ||
| 942 | _n0 | ||
| 999 |
_c70896 _d70896 |
||